<?xml version="1.0" encoding="UTF-8"?>
<marc:record xmlns:marc="http://www.loc.gov/MARC21/slim">
   <marc:leader>00000nam a2200000 a 4500</marc:leader>
   <marc:datafield ind1="1" ind2=" " tag="100">
      <marc:subfield code="a">Harari, Yuval Noah</marc:subfield>
      <marc:subfield code="4">aut</marc:subfield>
      <marc:subfield code="e">Verfasser/-in</marc:subfield>
   </marc:datafield>
   <marc:datafield ind1="1" ind2=" " tag="100">
      <marc:subfield code="a">Wirthensohn, Andreas</marc:subfield>
      <marc:subfield code="4">trl</marc:subfield>
      <marc:subfield code="e">Übersetzer/-in</marc:subfield>
   </marc:datafield>
   <marc:datafield ind1=" " ind2=" " tag="653">
      <marc:subfield code="a">Politik / Mensch / Zukunft</marc:subfield>
   </marc:datafield>
   <marc:datafield ind1=" " ind2=" " tag="653">
      <marc:subfield code="a">Mensch / Zukunft</marc:subfield>
   </marc:datafield>
   <marc:datafield ind1=" " ind2=" " tag="653">
      <marc:subfield code="a">Technologie / Mensch / Zukunft</marc:subfield>
   </marc:datafield>
   <marc:datafield ind1="0" ind2="0" tag="245">
      <marc:subfield code="a">21 Lektionen für das 21. Jahrhundert</marc:subfield>
   </marc:datafield>
   <marc:datafield ind1="0" ind2="0" tag="245">
      <marc:subfield code="c">Yuval Noa Harari. Aus dem Englischen von Andreas Wirthensohn</marc:subfield>
   </marc:datafield>
   <marc:datafield ind1=" " ind2="1" tag="264">
      <marc:subfield code="a">München</marc:subfield>
      <marc:subfield code="b">C.H.Beck</marc:subfield>
      <marc:subfield code="c">2018</marc:subfield>
   </marc:datafield>
   <marc:datafield ind1="1" ind2=" " tag="520">
      <marc:subfield code="a">Wie unterscheiden wir Wahrheit und Fiktion im Zeitalter der Fake News? Was sollen wir unseren Kindern beibringen? Wie können wir in unserer unübersichtlichen Welt moralisch handeln? Wie bewahren wir Freiheit und Gleichheit im 21. Jahrhundert? Seit Jahrtausenden hat die Menschheit über den Fragen gebrütet, wer wir sind und was wir mit unserem Leben anfangen sollen. Doch jetzt setzen uns die heraufziehende ökologische Krise, die wachsende Bedrohung durch Massenvernichtungswaffen und der Aufstieg neuer disruptiver Technologien unter Zeitdruck. Bald schon wird irgendjemand darüber entscheiden müssen, wie wir die Macht nutzen, die künstliche Intelligenz und Biotechnologie bereit halten. Dieses Buch will möglichst viele Menschen dazu anregen, sich an den großen Debatten unserer Zeit zu beteiligen, damit die Antworten nicht von den blinden Kräften des Marktes gegeben werden. [Verlagsmeldung]&lt;br/&gt;</marc:subfield>
   </marc:datafield>
   <marc:datafield ind1=" " ind2=" " tag="020">
      <marc:subfield code="a">9783406727788</marc:subfield>
      <marc:subfield code="9">9783406727788</marc:subfield>
   </marc:datafield>
   <marc:datafield ind1=" " ind2=" " tag="041">
      <marc:subfield code="a">ger</marc:subfield>
   </marc:datafield>
   <marc:datafield ind1=" " ind2=" " tag="300">
      <marc:subfield code="a">459 S.</marc:subfield>
   </marc:datafield>
</marc:record>
